OECD skills outlook 2017 skills and global value chains

Guardado en:
Detalles Bibliográficos
Formato: Libro
Lenguaje:inglés
Publicado: Paris OECD 2017
Materias:
Etiquetas: Agregar Etiqueta
Sin Etiquetas, Sea el primero en etiquetar este registro!

MARC

LEADER 00000nam a2200000 4500
001 0233939
005 20240314123346.2
020 |a 978-92-64-27317-7 
041 0 |a eng 
044 |a FR 
245 1 0 |a OECD skills outlook 2017  |b skills and global value chains 
264 1 |a Paris  |b OECD  |c 2017 
300 |a 161 s. 
610 2 0 |a spolupráca medzinárodná 
610 2 0 |a porovnanie medzinárodné 
610 2 0 |a globalizácia 
610 2 0 |a globalizácia hospodárstva 
610 2 0 |a produkty 
610 2 0 |a zamestnanci 
610 2 0 |a pracovníci 
610 2 0 |a zručnosti 
610 2 0 |a obchod medzinárodný 
610 2 0 |a inovácia 
610 2 0 |a investície 
610 2 0 |a priemysel